000
00206 a2200097 4500
001
7147
100
_a
Begum, Y.S
245
_a
Poems from east Bengal
260
_a
_b
pak P.E.N Pubs
_c
090
_c
5916
_d
5916
942
_a
NUST-CAE
_c
M
_c
32396
999
_c
242220
_d
242220